000 00530cas2a220016900 4500
001 zam00003869
008 951212n xx eng u
022 _a0019-4662
035 _a(Sirsi) r21179
050 _aHC431.I5C25J6
245 _aTHE INDIAN ECONOMIC JOURNAL.
260 _aBombay
_b Indian Economic Association
_c 1994.
310 _a3 times per year.
362 _aVol. 14, No. 4, 1967 - Vol. 42, No. 2, 1994.
520 _aIt contains articles on industrial growth and economic planning.
650 _aEconomics.
999 _c10225
_d10225